Swiss Cantons by Most Populous City - Statistics

General Stats
  • This quiz has been taken 106 times
  • The average score is 12 of 26
Answer Stats
City Population Answer % Correct
St Gallen 76,906 St Gallen
95%
Fribourg 37,645 Fribourg
90%
Zürich 427,487 Zürich
72%
Bern 134,441 Bern
63%
Schaffhausen 37,705 Schaffhausen
63%
Luzern 83,822 Luzern
62%
Lugano 62,462 Ticino
62%
Zug 31,445 Zug
61%
Neuchatel 44,586 Neuchatel
59%
Geneva 203,757 Geneva
57%
Glarus Nord 19,426 Glarus
56%
Lausanne 141,355 Vaud
53%
Basel 173,422 Basel-City
48%
Sion 35,629 Valais
47%
Delémont 12,632 Jura
42%
Altdorf 9,880 Uri
38%
Chur 38,127 Graubünden
35%
Stans 8,118 Nidwalden
35%
Olten 18,330 Solothurn
33%
Sarnen 10,655 Obwalden
27%
Aarau 21,799 Argovia
24%
Freienbach 16,711 Schwyz
20%
Frauenfeld 26,092 Thurgovia
16%
Appenzell 5,863 Appenzell Inner Rhodes
13%
Herisau 15,739 Appenzell Outer Rhodes
10%
Allschwil 21,638 Basel-Country
10%
No matching quizzes found
Score Distribution
Percent of People with Each Score
Percentile by Number Answered
Your Score History
You have not taken this quiz